| 000 | 00775nam a2200217 a 4500 | ||
|---|---|---|---|
| 001 | 000035711 | ||
| 005 | 20200930074542.0 | ||
| 008 | 111109s1954 sp 000 0 spa d | ||
| 040 |
_aDO-SdBNP _bspa _cBNPHU |
||
| 082 |
_axxxxx _bS714p |
||
| 100 | 1 |
_aGeorge, Stefan, _d1868-1933. _961642 |
|
| 245 | 1 | 0 |
_aPerigrinajes. / _cStefan George ; traducción de Alfonso Pintó y Jaime Balet ; prólogo de Alonso Pintó Elena Soriano Jara. |
| 260 |
_aMadrid : _bEditorial Rialp, _c1954. |
||
| 300 |
_a55 p. ; _c16 cm. |
||
| 490 | 1 |
_aAdonais _v15 |
|
| 504 | _aIncluye referencias bibliográficas y notas al pie de las páginas | ||
| 700 | 1 |
_aPintó, Alfonso, _etr. _961643 |
|
| 700 | 1 |
_aBalet, Jaime, _etr. _961644 |
|
| 700 | 1 |
_aPintó, Alonso, _epról. _961645 |
|
| 830 | 0 |
_aAdonais _961646 |
|
| 999 |
_c35202 _d35202 |
||